| 000 | 00699cam a22002531 4500 | ||
|---|---|---|---|
| 001 | sg 44000236 | ||
| 003 | DLC | ||
| 005 | 20260227112744.0 | ||
| 008 | 810920s1944 xx a b 000 0 eng | ||
| 010 | _asg 44000236 | ||
| 035 | _a(OCoLC)14730430 | ||
| 040 |
_aDLC _cDNLM _dDLC |
||
| 042 | _apremarc | ||
| 050 | 0 | 0 |
_aRG525 _b.C65 1944 |
| 060 | 0 |
_aWQ 150 _bC635L 1944 |
|
| 110 | 2 | _aCleveland Child Health Association. | |
| 245 | 1 | 0 | _aLessons for the expectant mother. |
| 260 |
_a[Cleveland, _c1944] |
||
| 300 |
_a1 v. _bill. |
||
| 500 | _aCover-title. | ||
| 500 | _aVarious pagings; reproduced from type-written copy. | ||
| 500 | _a"Third edition." | ||
| 504 | _aBibliography: 2 p. at end. | ||
| 999 |
_c90460 _d90460 |
||